00134 a2200073 450000100060000010000050000624500240001126000250003523147 a aMuslim Civilization abColumbia Unic1965